| 000 | 00963nas a2200337 4500 | ||
|---|---|---|---|
| 001 | BR2017003061 | ||
| 003 | BR-BrBNA | ||
| 005 | 20231205131137.0 | ||
| 007 | ta | ||
| 008 | 230509b bl.|||p| |||| 00| 00por d | ||
| 040 |
_aBR-BrBNA _bpor _cBiblioteca Nacional de Agricultura |
||
| 041 | _a(En) | ||
| 072 | _aL51 | ||
| 100 | 1 | _aSouza, P.H. de | |
| 100 | 1 | _aFaturi, C. | |
| 100 | 1 | _aRodrigues, L.F. de S. | |
| 100 | 1 | _aSilva FIlho, E. da | |
| 100 | 1 | _aRêgo, A.C. | |
| 100 | 1 | _aRodrigues FIlho, J.A. | |
| 245 | 1 | _aNutritional value of elephant grass genotypes | |
| 650 | _aOVINO | ||
| 650 | _aDIETA | ||
| 650 | _aDIGESTIBILIDADE | ||
| 650 | _aCONVERSÃO ALIMENTAR | ||
| 650 | _aCAPIM ELEFANTE | ||
| 650 | _aCONSUMO | ||
| 650 | _aVALOR NUTRITIVO | ||
| 773 | 0 |
_tPesquisa Agropecuária Brasileira (Brazil) _xISSN 0100-204X _g(Oct 2017), v. 52(10) p. 951-955 _wBR2017003061 |
|
| 909 |
_a202311 _bLúcia _c55 _dLúcia Elande |
||
| 942 |
_2AGRIS _n0 _cANA |
||
| 999 |
_c253234 _d253234 |
||